Statistiques concernant CSGO/CS2 Top 20 HLTV 2023

Cliquez ici pour prendre le quiz!

Statistiques générales

  • Ce quiz a été pris 87 fois
  • Le résultat moyen est 12 sur 20

Statistiques - réponses

Top #CountryPlayer% Correct
1FranceZywOo
100%
7Ukraines1mple
94%
2Bosnia and HerzegovinaNiKo
88%
5IsraelSpinx
84%
3Estoniaropz
78%
17DenmarkMagisk
71%
4Russiam0NESY
69%
13Bosnia and HerzegovinahuNter-
61%
11Denmarkdev1ce
59%
20CanadaTwistzz
57%
10Latviabroky
55%
6SpainSunPayus
55%
18DenmarkcadiaN
51%
8Russiash1ro
45%
19BrazilKSCERATO
43%
14IsraelNertZ
43%
15Denmarkjabbi
41%
9Denmarkstavn
41%
16DenmarkblameF
39%
12Slovakiafrozen
37%

Distribution des résultats

Percentile par nombre de réponses

% des personnes avec chaque résultat

Votre développement - résultats

Vous n’avez pas pris ce quiz